• AIU
  • Tony Wilmot Memorial Library

Araruut nyoo Reel. (Record no. 44964)

MARC details
000 -LEADER
fixed length control field 00845nam a22002297a 4500
003 - CONTROL NUMBER IDENTIFIER
control field OSt
005 - DATE AND TIME OF LATEST TRANSACTION
control field 20110718134418.0
008 - FIXED-LENGTH DATA ELEMENTS--GENERAL INFORMATION
fixed length control field 100316t xxu||||| |||| 00| 0 eng d
020 ## - INTERNATIONAL STANDARD BOOK NUMBER
International Standard Book Number 996600161
040 ## - CATALOGING SOURCE
Original cataloging agency NEGST Library - Kenya
Transcribing agency NEGST Library - Kenya
Modifying agency NEGST Library - Kenya
050 14 - LIBRARY OF CONGRESS CALL NUMBER
Classification number BS 325
Item number .M37 2008
110 20 - MAIN ENTRY--CORPORATE NAME
Corporate name or jurisdiction name as entry element Bible Translation & Literacy, East Africa.
9 (RLIN) 1065
245 10 - TITLE STATEMENT
Title Araruut nyoo Reel.
260 ## - PUBLICATION, DISTRIBUTION, ETC. (IMPRINT)
Place of publication, distribution, etc Nairobi, Kenya :
Name of publisher, distributor, etc Bible Translation and Literacy (E.A.) and Wycliffe Bible Translators, USA,
Date of publication, distribution, etc 2008.
300 ## - PHYSICAL DESCRIPTION
Extent vii, 730 p.
Other physical details ill, maps
Dimensions 22 cm.
500 ## - GENERAL NOTE
General note "The New Testament in the Marakwet language of Kenya." - T.p. verson.
500 ## - GENERAL NOTE
General note [Africana]
630 ## - SUBJECT ADDED ENTRY--UNIFORM TITLE
Uniform title Bible. N.T. Marakwet. 2008.
9 (RLIN) 1066
650 ## - SUBJECT ADDED ENTRY--TOPICAL TERM
Topical term or geographic name as entry element Marakwet language
Form subdivision Texts.
9 (RLIN) 1067
710 20 - ADDED ENTRY--CORPORATE NAME
Corporate name or jurisdiction name as entry element Wycliffe Bible Translators
9 (RLIN) 1068
942 ## - ADDED ENTRY ELEMENTS (KOHA)
Source of classification or shelving scheme Library of Congress Classification
Koha item type Reference
Holdings
Withdrawn status Lost status Source of classification or shelving scheme Damaged status Not for loan Collection code Home library Current library Shelving location Date acquired Total Checkouts Full call number Barcode Date last seen Price effective from Koha item type
    Library of Congress Classification     Reference AIU/NEGST - Tony Wilmot Memorial Library AIU/NEGST - Tony Wilmot Memorial Library Reference 03/16/2010   REF BS 325 .M37 2008 R40182N3232 09/26/2019 03/16/2010 Africana collection ( Reference)